The SAGE handbook of social marketing (Record no. 481762)

MARC details
000 -LEADER
fixed length control field 01475cam a2200385 a 4500
001 - CONTROL NUMBER
control field EDZ0000020834
003 - CONTROL NUMBER IDENTIFIER
control field StDuBDS
005 - DATE AND TIME OF LATEST TRANSACTION
control field 20161031105217.0
006 - FIXED-LENGTH DATA ELEMENTS--ADDITIONAL MATERIAL CHARACTERISTICS--GENERAL INFORMATION
fixed length control field m||||||||d||||||||
007 - PHYSICAL DESCRIPTION FIXED FIELD--GENERAL INFORMATION
fixed length control field cr |||||||||||
008 - FIXED-LENGTH DATA ELEMENTS--GENERAL INFORMATION
fixed length control field 110208s2011 caua fo| 001|0|eng|d
020 ## - INTERNATIONAL STANDARD BOOK NUMBER
International Standard Book Number 9781446201008 (ebook) :
Terms of availability No price
040 ## - CATALOGING SOURCE
Original cataloging agency StDuBDS
Language of cataloging eng
Transcribing agency StDuBDS
Description conventions pn
049 ## - LOCAL HOLDINGS (OCLC)
Holding library Alfaisal Main Library
050 #0 - LIBRARY OF CONGRESS CALL NUMBER
Classification number HF5414
Item number .S3 2011
082 04 - DEWEY DECIMAL CLASSIFICATION NUMBER
Classification number 658.8
Edition number 23
245 04 - TITLE STATEMENT
Title The SAGE handbook of social marketing
Medium [electronic resource] /
Statement of responsibility, etc edited by Gerard Hastings, Kathryn Angus and Carol Bryant.
246 30 - VARYING FORM OF TITLE
Title proper/short title Social marketing
260 ## - PUBLICATION, DISTRIBUTION, ETC. (IMPRINT)
Place of publication, distribution, etc Thousand Oaks, Calif. :
Name of publisher, distributor, etc SAGE,
Date of publication, distribution, etc 2011.
300 ## - PHYSICAL DESCRIPTION
Extent 1 online resource (xxvi, 442 p.) :
Other physical details ill.
520 8# - SUMMARY, ETC.
Summary, etc This benchmark handbook brings together a systematic framework and state-of-the-art thinking to provide complete coverage of the social marketing discipline.
521 ## - TARGET AUDIENCE NOTE
Target audience note Specialized.
588 ## -
-- Description based on print version record.
504 ## - BIBLIOGRAPHY, ETC. NOTE
Bibliography, etc Includes bibliographical references and index.
650 #0 - SUBJECT ADDED ENTRY--TOPICAL TERM
Topical term or geographic name as entry element Social marketing.
655 #7 - INDEX TERM--GENRE/FORM
Genre/form data or focus term Electronic books.
Source of term local
700 1# - ADDED ENTRY--PERSONAL NAME
Personal name Hastings, Gerard
Titles and other words associated with a name (Professor)
700 1# - ADDED ENTRY--PERSONAL NAME
Personal name Angus, Kathryn.
700 1# - ADDED ENTRY--PERSONAL NAME
Personal name Bryant, Carol A.
710 2# - ADDED ENTRY--CORPORATE NAME
Corporate name or jurisdiction name as entry element Sage eBooks
730 0# - ADDED ENTRY--UNIFORM TITLE
Uniform title SAGE reference online.
776 08 - ADDITIONAL PHYSICAL FORM ENTRY
Display text Print version :
International Standard Book Number 9781849201889
856 40 - ELECTRONIC LOCATION AND ACCESS
Uniform Resource Identifier <a href="http://ezproxy.alfaisal.edu/login?url=http://sk.sagepub.com/reference/hdbk_socialmarketing">http://ezproxy.alfaisal.edu/login?url=http://sk.sagepub.com/reference/hdbk_socialmarketing</a>
942 ## - ADDED ENTRY ELEMENTS (KOHA)
Source of classification or shelving scheme Library of Congress Classification
Koha item type eBooks

No items available.

Copyright © 2020 Alfaisal University Library. All Rights Reserved.
Tel: +966 11 2158948 Fax: +966 11 2157910 Email:
librarian@alfaisal.edu